|
|
|
|
| LEADER |
01435nam a2200385 i 4500 |
| 001 |
001522983 |
| 003 |
CZ BrMZK |
| 005 |
20160512083036.0 |
| 007 |
ta |
| 008 |
160428s1997 xr e p 000 0 cze |
| 020 |
|
|
|q (Brožováno) :
|c Kč 24,00
|
| 040 |
|
|
|a BOA001
|b cze
|e rda
|
| 072 |
|
7 |
|a 614
|x Veřejné zdraví a hygiena
|2 Konspekt
|9 14
|
| 072 |
|
7 |
|a 37.016
|x Učební osnovy. Vyučovací předměty. Učebnice
|2 Konspekt
|9 22
|
| 080 |
|
|
|a 614.253
|2 MRF
|
| 080 |
|
|
|a 616-083
|2 MRF
|
| 080 |
|
|
|a (07)
|2 MRF
|
| 100 |
1 |
|
|a Fišerová, Jaroslava,
|d 1928-
|7 jk01031355
|4 aut
|
| 245 |
1 |
0 |
|a Etika v ošetřovatelství :
|b pomocný učební text /
|c Jaroslava Fišerová
|
| 264 |
|
1 |
|a Brno :
|b Institut pro další vzdělávání pracovníků ve zdravotnictví,
|c 1997
|
| 300 |
|
|
|a 60 stran ;
|c 21 cm
|
| 336 |
|
|
|a text
|b txt
|2 rdacontent
|
| 337 |
|
|
|a bez média
|b n
|2 rdamedia
|
| 338 |
|
|
|a svazek
|b nc
|2 rdacarrier
|
| 500 |
|
|
|a Název z obálky
|
| 500 |
|
|
|a 200 výtisků
|
| 504 |
|
|
|a Obsahuje bibliografii
|
| 650 |
0 |
7 |
|a lékařská etika
|7 ph115193
|2 czenas
|
| 650 |
0 |
7 |
|a ošetřovatelství
|7 ph123893
|2 czenas
|
| 655 |
|
7 |
|a učební texty
|7 fd133599
|2 czenas
|
| 710 |
2 |
|
|a Institut pro další vzdělávání pracovníků ve zdravotnictví
|7 ko2003163668
|4 isb
|
| 910 |
|
|
|a BOA001
|b 2-1366.418
|
| 990 |
|
|
|a BK
|
| 991 |
|
|
|b 201605
|c NOV
|
| 996 |
6 |
|
|b 2610669311
|c 2-1366.418
|l MZK
|r Sklad / do 1 hodiny
|n 1
|p dar
|w 001558607
|u 000010
|a 1
|e BOA001
|j MZK50
|s P
|